000 00322nam a22001457a 4500
008 210518b ||||| |||| 00| 0 eng d
020 _a9780534115869
041 _aeng
080 _24th
_a37
082 _a37
100 _a46
101 _aEDU
245 _aI Never Knew i Had a Choice
_cGerald Corey
942 _2udc
_cBK
999 _c57446
_d57446